| 000 | 00357cam a2200145ua 4500 | ||
|---|---|---|---|
| 041 |
_aeng _h |
||
| 082 |
_a821 _bBYR/PO |
||
| 100 | _aByron, Lord . | ||
| 245 |
_apolitical workers of lord Byron / _cByron, Lord. _hTextual Documents |
||
| 260 |
_aLondon : _bJohn Murray , _c1958. |
||
| 300 | _a1048 ; . | ||
| 504 | _a | ||
| 942 | _cBK | ||
| 999 |
_c12302 _d12302 |
||